000
00334nam a2200133Ia 4500
008
220919s9999 xx 000 0 und d
082
_a
670.42
_b
BAW
100
_a
BAWA, H.S.
245
0
_a
MANUFACTURING PROCESS-I
260
_b
TATA McGRAW HILL, NEW DELHI
_c
2007
300
_a
283
650
_a
Mechanical Engineering
942
_c
BK
999
_c
142266
_d
142266